First lines of Rammstein songs - Statistics

General Stats
  • This quiz has been taken 182 times
  • The average score is 10 of 15
Answer Stats
First line Song % Correct
Alle warten auf das Licht Sonne
94%
Nun, liebe Kinder, gebt fein Acht Mein Herz Brennt
88%
Ich reise viel, ich reise gern Ausländer
84%
Wer zu Lebzeit gut auf Erden Engel
80%
Kann man Herzen brechen? Links 2 3 4
74%
Heute treff' ich einen Herrn Mein Teil
73%
Ist nur eine schmale Brücke Du riechst so gut
69%
Auf den Wellen wird gefochten Reise, Reise
69%
Ich werde in die Tannen geh'n Ohne dich
65%
Wer wartet mit Besonnenheit Rammlied
65%
Getadelt wird, wer Schmerzen kennt Feuer frei!
63%
Ein kleiner Mensch stirbt nur zum Schein Spieluhr
61%
Die Tränen greiser Kinderschar Mutter
56%
Ein Flugzeug liegt im Abendwind Dalai Lama
53%
Nur der Tod währt alle Zeit Adieu
52%
No matching quizzes found
Score Distribution
Percent of People with Each Score
Percentile by Number Answered
Your Score History
You have not taken this quiz